Pravidlá správania (ako si ich určili v málotriednej škole vo Valči)

Podrobná bibliografia
Hlavný autor: Martineková, Anna (Autor)
Médium: Článok
Jazyk:slovenčina
Predmet:

MARC

LEADER 00000nab a2200000 a 4500
001 vtls000602608
003 SK-MaSNL
005 20260303014314.0
008 140302c1996 xo 0 slo
015 |a SNBRB19rr/mm-uuuuu 
035 |a CL0602747 
040 |a SNKBUCL  |b slo  |c SNKBUCL  |e AACR2 
041 0 |a slo 
044 |a xo  |c SK 
080 |a 37.015.3  |2 1981 
100 1 |a Martineková, Anna  |4 aut  |9 812481 
245 1 0 |a Pravidlá správania  |b (ako si ich určili v málotriednej škole vo Valči)  |c Anna Martineková 
650 0 7 |a školstvo  |2 snkbucl  |9 19712 
650 0 7 |a sociálna interakcia  |2 snkbucl  |9 71567 
655 7 |a články z novín a časopisov  |2 snkbucl  |9 267496 
773 0 |t Učiteľské noviny  |g Roč. 46, č. 28 (1996), s. 5 
850 |a Slovenská národná knižnica v Martine  |a MTA001 
852 |a SNK  |b KIS3GCP 
958 |a SK 
958 |a RK 
992 |a RBX 
999 |c 1606996  |d 1608926